|
|
|
|
| LEADER |
00926nam a2200265 4500 |
| 001 |
DLU120144672 |
| 005 |
##20121212 |
| 040 |
# |
# |
|a DLU
|b vie
|
| 041 |
# |
# |
|a vie
|
| 044 |
# |
# |
|a vn
|
| 100 |
# |
# |
|a Bùi Tiến Đạt.
|
| 245 |
# |
# |
|a Áp dụng án lệ - Nhu cầu tất yếu trong điều kiện cải cách tư pháp và xây dựng nhà nước pháp quyền ở Việt Nam /
|c Bùi Tiến Đạt.
|
| 653 |
# |
# |
|a Bộ luật tố tụng dân sự 2004
|
| 653 |
# |
# |
|a Luật tố tụng hình sự 2003
|
| 653 |
# |
# |
|a Luật tổ chức tòa án nhân dân 2002
|
| 773 |
# |
# |
|t Tạp chí Khoa học Luật học
|g Số 3(25), 2009, tr. 195-200
|
| 920 |
# |
# |
|a Phòng Tạp chí -- Trung tâm Thông tin - Thư viện Trường Đại học Đà Lạt
|
| 994 |
# |
# |
|a DLU
|
| 900 |
# |
# |
|a True
|
| 911 |
# |
# |
|a Nguyễn Thị Linh Chi
|
| 925 |
# |
# |
|a G
|
| 926 |
# |
# |
|a A
|
| 927 |
# |
# |
|a BB
|
| 980 |
# |
# |
|a Thư viện Trường Đại học Đà Lạt
|